Представление документа в формате MARC21

Поле Инд. ПП Название Значение
Тип записи a
Библиографический уровень b
001 Контрольный номер c062096cb5964fa484e8f31704d85ccb
005 Дата корректировки 20251105083017.1
024 80 a Стандартный номер 10.25728/assa.2023.23.01.1251
040 a Служба первич. каталог. Scopus
041 0_ a Код языка текста Английский
097 a Костяева О.Г.
100 1_ a Автор Nguyen T. V.
100 1_ a Автор Kravets A.
c Титул (звания) ; доктор технических наук; профессор (должность);
i Z2021_04
j Принадлежность неизвестного автора к последователям, ученикам, сторонникам, школе и т. д. государственный университет "Дубна"
k Кафедра системного анализа и управления; Институт системного анализа и управления
q Полное имя Кравец Алла Григорьевна
u Дополнение Кравец А. Г.
245 10 a Заглавие A Novel Method for Predicting Technology Trends Based on Processing Multiple Data Sources
773 18 t Название источника Journal of Surface Investigation: X-Ray, Synchrotron and Neutron Techniques
d Место и дата издания 2023
b Сведения об издании Pleiades Publishing, Ltd.
c Russia
m Специф. данные входит в Scopus; входит в wos; входит в ядро РИНЦ; журнал из перечня ВАК; ненулевой импакт-фактор;
p J. Surf. Ingestig.-X-Ray Synchro.
n Примечание Поверхность. Рентгеновские, синхротронные и нейтронные исследования
x ISSN 1027-4510
g Прочая информация V. 17. - P. 445–449
w Контрольный № источника 9e0f42271c054bf28013059654418919
901 t Тип документа b
952 c Вид литературы статья в журнале